000 00741cam a22002172 4500
001 0000004967
005 20151217151947.0
008 070604s xx 000 0 eng d
020 _a0312176430 :
040 _aKABU
_cKABU
050 0 _aT49.5
_b.N49
245 1 0 _aNew generic technologies in developing countries /
_cedited by M. R. Bhagavan.
260 _aBasingstoke, Hampshire :
_bMacmillan in association with SIDA,
_c1997.
300 _axii, 340 p. ;
_c22 cm.
504 _aIncludes bibliographical references and index.
650 0 _aTechnology
_zDeveloping countries.
_xCongresses.
_@0000156001
700 1 _aBhagavan, M. R.
_@0000156002
908 _a070604
950 _@1
999 _c6764
_d6764